00829 a2200205 4500999001500000010001400015020002300029035002200052037001500074082001100089245006700100260003300167270006500200300002900265500004000294700001800334942003000352952011200382952012900494 c4983d4983 aENG-86683 c225.00a8178241137 aEN-70216,B-129067 bDBAD / PUB14a808.841 aAmitav Ghosh :cedited by Tabish Khairba critical companion / aDelhibPermanent Blackc2006 aD-28, Oxford Apartments, 11, I. P. ExtensionbDelhie110 092 aviii, 185 pc22 cm (Pbk) aIncludes bibliographical references1 aKhair, Tabish adplcEN2ddch808.84mAMI 001040718NFICaDBADbDBADeDBAD/PUBg225.00l0o808.84 AMIpEN-70216r2008-09-15 00:00:00t1v225.00yEN 001040708NFICaVVbVVd2019-02-16eBPPD/PUBg225.00l0o808.84 AMIpB-129067r2019-02-16 00:00:00v225.00w2019-02-16yEN